000
00341nam a2200145Ia 4500
003
OSt
005
20231214050703.0
008
170524s9999 xx 000 0 und d
020
_a
9788183562911
040
_c
IIMT UNIVERSITY
100
_a
DASH- AJAY
245
0
_a
STING OPERATION AND LAW
260
_b
NEW DELHI: DISCOVERY
942
_2
ddc
_c
01
999
_c
9314
_d
9314